Statystyki dla zwroty grzecznościowe - j. włoski

Kliknij tutaj aby rozwiązać quiz!

Ogólne statystyki

  • Ten quiz został rozwiązany 35 razy
  • Średni wynik to 5 z 16

Statystyki odpowiedzi

po polskupo włosku% Poprawnych
tak
100%
nieno
96%
dziękujęgrazie
83%
proszęper favore
54%
nie rozumiemnon capisco
38%
rozumiesz?capisci?
33%
nie wiemnon lo so
25%
czy mówisz po angielsku?parli inglese?
25%
tak, trochęsì, un po
21%
jak to powiedzieć?come si dice?
17%
proszę powtórzyćripeti per favore
8%
powolilentamente
4%
proszę mówić wolniejparla lentamente per favore
4%
słowo po słowieparla per parla
4%
co to oznacza?cosa vuol dive?
0%
jeszcze razdi nuovo
0%

Rozkład punktacji

Percentyl według liczby udzielonych odpowiedzi

Procent ludzi z każdym wynikiem

Twoja historia wyników

Nie rozwiązałeś tego quizu